[Event "Stay Safe Play From Home 326"]
[Site "Mustafa Kemal Atatürk"]
[Date "2020.07.23"]
[Round "8"]
[White "SelamiSahin"]
[Black "SoulofWolf"]
[Result "0-1"]
[WhiteElo "2038"]
[BlackElo "2077"]
[PlyCount "132"]
[EventDate "2020.07.23"]
[EventType "swiss (blitz)"]

1. d4 {[%emt 0:00:02]} d5 {[%emt 0:00:00]} 2. Nf3 {[%emt 0:00:00]} Nf6 {[%emt 0:00:00]} 3. g3 {[%emt 0:00:00]} g6 {[%emt 0:00:00]} 4. Bg2 {[%emt 0:00:00]} Bg7 {[%emt 0:00:00]} 5. O-O {[%emt 0:00:00]} O-O {[%emt 0:00:00]} 6. b3 {[%emt 0:00:00]} Re8 {[%emt 0:00:00]} 7. c4 {[%emt 0:00:00]} c6 {[%emt 0:00:01]} 8. Bb2 {[%emt 0:00:01]} Nbd7 {[%emt 0:00:01]} 9. Nc3 {[%emt 0:00:00]} Ne4 {[%emt 0:00:00]} 10. e3 {[%emt 0:00:01]} Ndf6 {[%emt 0:00:01]} 11. Nd2 {[%emt 0:00:01]} Bf5 {[%emt 0:00:01]} 12. Ndxe4 {[%emt 0:00:01]} dxe4 {[%emt 0:00:00]} 13. Qe2 {[%emt 0:00:01]} Qd7 {[%emt 0:00:04]} 14. Qc2 {[%emt 0:00:03]} Qe6 {[%emt 0:00:02]} 15. Rfd1 {[%emt 0:00:01]} Red8 {[%emt 0:00:00]} 16. Rd2 {[%emt 0:00:01]} Rd7 {[%emt 0:00:01]} 17. h4 {[%emt 0:00:01]} Rad8 {[%emt 0:00:00]} 18. Rad1 {[%emt 0:00:01]} b6 {[%emt 0:00:01]} 19. Na4 {[%emt 0:00:02]} h6 {[%emt 0:00:01]} 20. Nc3 {[%emt 0:00:01]} g5 {[%emt 0:00:01]} 21. hxg5 {[%emt 0:00:00]} hxg5 {[%emt 0:00:00]} 22. Ne2 {[%emt 0:00:00]} Bg6 {[%emt 0:00:02]} 23. Re1 {[%emt 0:00:01]} Bh6 {[%emt 0:00:01]} 24. Qc1 {[%emt 0:00:02]} Bg7 {[%emt 0:00:01]} 25. Ba3 {[%emt 0:00:02]} a5 {[%emt 0:00:01]} 26. Bb2 {[%emt 0:00:01]} Qg4 {[%emt 0:00:02]} 27. Kf1 {[%emt 0:00:02]} e5 {[%emt 0:00:01]} 28. Red1 {[%emt 0:00:03]} exd4 {[%emt 0:00:03]} 29. Rxd4 {[%emt 0:00:00]} Rxd4 {[%emt 0:00:01]} 30. Rxd4 {[%emt 0:00:01]} Rxd4 {[%emt 0:00:01]} 31. Bxd4 {[%emt 0:00:00]} c5 {[%emt 0:00:01]} 32. Bc3 {[%emt 0:00:02]} Qd7 {[%emt 0:00:03]} 33. Qd2 {[%emt 0:00:02]} Qxd2 {[%emt 0:00:01]} 34. Bxd2 {[%emt 0:00:00]} Kf8 {[%emt 0:00:01]} 35. Bc3 {[%emt 0:00:00]} Ke7 {[%emt 0:00:00]} 36. Ke1 {[%emt 0:00:01]} Ke6 {[%emt 0:00:00]} 37. Kd2 {[%emt 0:00:01]} Kf5 {[%emt 0:00:00]} 38. Bxf6 {[%emt 0:00:02]} Bxf6 {[%emt 0:00:01]} 39. Nc3 {[%emt 0:00:00]} Ke5 {[%emt 0:00:03]} 40. Nd5 {[%emt 0:00:01]} Bd8 {[%emt 0:00:01]} 41. Bh3 {[%emt 0:00:02]} f5 {[%emt 0:00:01]} 42. Bg2 {[%emt 0:00:01]} Bf7 {[%emt 0:00:01]} 43. Nc3 {[%emt 0:00:01]} Bf6 {[%emt 0:00:01]} 44. Na4 {[%emt 0:00:01]} Bd8 {[%emt 0:00:02]} 45. Nc3 {[%emt 0:00:01]} Bg6 {[%emt 0:00:01]} 46. Na4 {[%emt 0:00:01]} Kd6 {[%emt 0:00:01]} 47. Nc3 {[%emt 0:00:01]} Bf6 {[%emt 0:00:01]} 48. Nd5 {[%emt 0:00:01]} Bd8 {[%emt 0:00:01]} 49. Nc3 {[%emt 0:00:01]} Bf7 {[%emt 0:00:00]} 50. Nb5+ {[%emt 0:00:01]} Kc6 {[%emt 0:00:01]} 51. Nc3 {[%emt 0:00:00]} Be6 {[%emt 0:00:00]} 52. Bh3 {[%emt 0:00:02]} Bc7 {[%emt 0:00:01]} 53. Ke2 {[%emt 0:00:02]} g4 {[%emt 0:00:01]} 54. Bg2 {[%emt 0:00:01]} Be5 {[%emt 0:00:00]} 55. Kd2 {[%emt 0:00:01]} Kd6 {[%emt 0:00:01]} 56. Nb5+ {[%emt 0:00:01]} Kc6 {[%emt 0:00:00]} 57. Nc3 {[%emt 0:00:00]} Bc7 {[%emt 0:00:01]} 58. Kc2 {[%emt 0:00:01]} Bb8 {[%emt 0:00:01]} 59. Kd2 {[%emt 0:00:01]} Bd7 {[%emt 0:00:00]} 60. Kc2 {[%emt 0:00:00]} f4 {[%emt 0:00:00]} 61. exf4 {[%emt 0:00:01]} Bc7 {[%emt 0:00:01]} 62. Kd2 {[%emt 0:00:01]} Kd6 {[%emt 0:00:00]} 63. Ke3 {[%emt 0:00:00]} Bc6 {[%emt 0:00:00]} 64. Nxe4+ {[%emt 0:00:00]} Ke7 {[%emt 0:00:01]} 65. f5 {[%emt 0:00:01]} Bb8 {[%emt 0:00:01]} 66. f6+ {[%emt 0:00:00]} Kf7 {[%emt 0:00:01] Zaman (Lag: Av=0.44s, max=0.9s)} 0-1

[Event "Stay Safe Play From Home 326"]
[Site "Mustafa Kemal Atatürk"]
[Date "2020.07.23"]
[Round "8"]
[White "Edmatuag"]
[Black "Haxhi Baha"]
[Result "0-1"]
[WhiteElo "1671"]
[BlackElo "2067"]
[PlyCount "90"]
[EventDate "2020.07.23"]
[EventType "swiss (blitz)"]

1. e4 {[%emt 0:00:01]} e6 {[%emt 0:00:01]} 2. Nf3 {[%emt 0:00:01]} d5 {[%emt 0:00:00]} 3. d3 {[%emt 0:00:01]} dxe4 {[%emt 0:00:01]} 4. dxe4 {[%emt 0:00:00]} Qxd1+ {[%emt 0:00:01]} 5. Kxd1 {[%emt 0:00:00]} Nc6 {[%emt 0:00:00]} 6. Be3 {[%emt 0:00:01]} Bd7 {[%emt 0:00:00]} 7. Nbd2 {[%emt 0:00:01]} f6 {[%emt 0:00:00]} 8. Bc4 {[%emt 0:00:02]} O-O-O {[%emt 0:00:00]} 9. Ke2 {[%emt 0:00:02]} e5 {[%emt 0:00:00]} 10. Rad1 {[%emt 0:00:03]} Bb4 {[%emt 0:00:02]} 11. c3 {[%emt 0:00:01]} Ba5 {[%emt 0:00:01]} 12. Nb3 {[%emt 0:00:01]} Bb6 {[%emt 0:00:01]} 13. Bxb6 {[%emt 0:00:00]} axb6 {[%emt 0:00:00]} 14. Rd2 {[%emt 0:00:04]} Nge7 {[%emt 0:00:00]} 15. Rhd1 {[%emt 0:00:01]} Bg4 {[%emt 0:00:01]} 16. Rxd8+ {[%emt 0:00:03]} Rxd8 {[%emt 0:00:00]} 17. Rxd8+ {[%emt 0:00:00]} Kxd8 {[%emt 0:00:00]} 18. Nbd2 {[%emt 0:00:02]} Na5 {[%emt 0:00:01]} 19. Bd3 {[%emt 0:00:02]} c6 {[%emt 0:00:01]} 20. h3 {[%emt 0:00:01]} Bxf3+ {[%emt 0:00:01]} 21. Nxf3 {[%emt 0:00:01]} b5 {[%emt 0:00:00]} 22. b4 {[%emt 0:00:02]} Nc4 {[%emt 0:00:01]} 23. Bxc4 {[%emt 0:00:00]} bxc4 {[%emt 0:00:00]} 24. Nd2 {[%emt 0:00:00]} b5 {[%emt 0:00:01]} 25. a4 {[%emt 0:00:01]} Kc7 {[%emt 0:00:01]} 26. a5 {[%emt 0:00:01]} c5 {[%emt 0:00:01]} 27. Ke3 {[%emt 0:00:03]} cxb4 {[%emt 0:00:01]} 28. cxb4 {[%emt 0:00:01]} Nc6 {[%emt 0:00:00]} 29. f4 {[%emt 0:00:02]} Nxb4 {[%emt 0:00:01]} 30. fxe5 {[%emt 0:00:01]} fxe5 {[%emt 0:00:00]} 31. Kf3 {[%emt 0:00:02]} Nd3 {[%emt 0:00:01]} 32. Kg4 {[%emt 0:00:01]} c3 {[%emt 0:00:00]} 33. Nb3 {[%emt 0:00:01]} c2 {[%emt 0:00:01]} 34. Kf5 {[%emt 0:00:00]} Nc5 {[%emt 0:00:01]} 35. Nc1 {[%emt 0:00:02]} b4 {[%emt 0:00:01]} 36. Kxe5 {[%emt 0:00:01]} b3 {[%emt 0:00:00]} 37. Nxb3 {[%emt 0:00:02]} Nxb3 {[%emt 0:00:01]} 38. Kd5 {[%emt 0:00:00]} c1=Q {[%emt 0:00:01]} 39. e5 {[%emt 0:00:00]} Qd2+ {[%emt 0:00:01]} 40. Ke4 {[%emt 0:00:01]} Qd4+ {[%emt 0:00:00]} 41. Kf3 {[%emt 0:00:00]} Nc5 {[%emt 0:00:01]} 42. Ke2 {[%emt 0:00:01]} Qe4+ {[%emt 0:00:00]} 43. Kf1 {[%emt 0:00:01]} Qe3 {[%emt 0:00:01]} 44. a6 {[%emt 0:00:02]} Nd3 {[%emt 0:00:00]} 45. a7 {[%emt 0:00:05]} Qf2# {[%emt 0:00:01] (Lag: Av=0.94s, max=1.9s)} 0-1

[Event "Stay Safe Play From Home 326"]
[Site "Mustafa Kemal Atatürk"]
[Date "2020.07.23"]
[Round "8"]
[White "Klasman"]
[Black "Boergi"]
[Result "0-1"]
[WhiteElo "1352"]
[BlackElo "1738"]
[Annotator "NA"]
[PlyCount "72"]
[EventDate "2020.07.23"]
[EventType "swiss (blitz)"]

1. f4 {[%emt 0:00:02]} d6 {[%emt 0:00:00]} 2. e4 {[%emt 0:00:02]} g6 {[%emt 0:00:00]} 3. Nf3 {[%emt 0:00:01]} Bg7 {[%emt 0:00:00]} 4. d4 {[%emt 0:00:01]} Nf6 {[%emt 0:00:00]} 5. Bd3 {[%emt 0:00:03]} O-O {[%emt 0:00:01]} 6. c4 {[%emt 0:00:01]} c5 {[%emt 0:00:01]} 7. d5 {[%emt 0:00:01]} e6 {[%emt 0:00:01]} 8. Nc3 {[%emt 0:00:01]} exd5 {[%emt 0:00:00]} 9. cxd5 {[%emt 0:00:01]} Bg4 {[%emt 0:00:01]} 10. O-O {[%emt 0:00:03]} a6 {[%emt 0:00:01]} 11. h3 {[%emt 0:00:01]} Bxf3 {[%emt 0:00:01]} 12. Qxf3 {[%emt 0:00:01]} b5 {[%emt 0:00:00]} 13. e5 {[%emt 0:00:02]} dxe5 {[%emt 0:00:01]} 14. fxe5 {[%emt 0:00:01]} Nh5 {[%emt 0:00:01]} 15. Bf4 {[%emt 0:00:05]} Nd7 {[%emt 0:00:01]} 16. d6 {[%emt 0:00:01]} Nxf4 {[%emt 0:00:01]} 17. Qxf4 {[%emt 0:00:02]} Nxe5 {[%emt 0:00:00]} 18. Be4 {[%emt 0:00:02]} Qxd6 {[%emt 0:00:01]} 19. Rad1 {[%emt 0:00:02]} Qb6 {[%emt 0:00:01]} 20. Bxa8 {[%emt 0:00:02]} Rxa8 {[%emt 0:00:00]} 21. Kh1 {[%emt 0:00:01]} Re8 {[%emt 0:00:03]} 22. Rd5 {[%emt 0:00:03]} f6 {[%emt 0:00:03]} 23. Ne4 {[%emt 0:00:02]} f5 {[%emt 0:00:04]} 24. Ng5 {[%emt 0:00:02]} c4 {[%emt 0:00:02]} 25. Qh4 {[%emt 0:00:03]} h6 {[%emt 0:00:02]} 26. g4 {[%emt 0:00:02]} hxg5 {[%emt 0:00:02]} 27. Qxg5 {[%emt 0:00:01]} Qc6 {[%emt 0:00:02]} 28. Rfd1 {[%emt 0:00:02]} Nf7 {[%emt 0:00:05]} 29. Qf4 {[%emt 0:00:02]} Rd8 {[%emt 0:00:01]} 30. gxf5 {[%emt 0:00:02]} Rxd5 {[%emt 0:00:01]} 31. Rxd5 {[%emt 0:00:01]} Qxd5+ {[%emt 0:00:00]} 32. Kg1 {[%emt 0:00:01]} Qxf5 {[%emt 0:00:00]} 33. Qxf5 {[%emt 0:00:01]} gxf5 {[%emt 0:00:01]} 34. h4 {[%emt 0:00:01]} Bxb2 {[%emt 0:00:00]} 35. h5 {[%emt 0:00:01]} c3 {[%emt 0:00:00]} 36. h6 {[%emt 0:00:01]} c2 {[%emt 0:00:00] Time (Lag: Av=0.43s, max=0.8s)} 0-1

[Event "Stay Safe Play From Home 326"]
[Site "Mustafa Kemal Atatürk"]
[Date "2020.07.23"]
[Round "8"]
[White "Mandy"]
[Black "Meini"]
[Result "1-0"]
[WhiteElo "868"]
[BlackElo "1560"]
[Annotator "NA"]
[PlyCount "24"]
[EventDate "2020.07.23"]
[EventType "swiss (blitz)"]

1. d4 {[%emt 0:00:03]} d5 {[%emt 0:00:02]} 2. Bf4 {[%emt 0:00:01]} e5 {[%emt 0:00:02]} 3. Bxe5 {[%emt 0:00:12]} f6 {[%emt 0:00:02]} 4. Bf4 {[%emt 0:00:03]} Bd6 {[%emt 0:00:02]} 5. Bg3 {[%emt 0:00:03]} Bxg3 {[%emt 0:00:03]} 6. fxg3 {[%emt 0:00:02]} Qd6 {[%emt 0:00:01]} 7. Nf3 {[%emt 0:00:09]} Nc6 {[%emt 0:00:02]} 8. c3 {[%emt 0:00:03]} Nxd4 {[%emt 0:00:01]} 9. Nxd4 {[%emt 0:00:03]} Qxg3+ {[%emt 0:00:02]} 10. hxg3 {[%emt 0:00:06]} c5 {[%emt 0:00:01]} 11. Nf3 {[%emt 0:00:08]} Bg4 {[%emt 0:00:01]} 12. Nbd2 {[%emt 0:00:06]} Bxf3 {[%emt 0:00:05] Meini gibt auf (Lag: Av=0.47s, max=0.6s)} 1-0

[Event "Stay Safe Play From Home 326"]
[Site "Mustafa Kemal Atatürk"]
[Date "2020.07.23"]
[Round "9"]
[White "Broken sword"]
[Black "Edmatuag"]
[Result "1-0"]
[WhiteElo "2453"]
[BlackElo "1668"]
[PlyCount "77"]
[EventDate "2020.07.23"]
[EventType "swiss (blitz)"]

1. e4 {[%emt 0:00:00]} d6 {[%emt 0:00:01]} 2. d4 {[%emt 0:00:01]} e5 {[%emt 0:00:01]} 3. Nc3 {[%emt 0:00:00]} exd4 {[%emt 0:00:01]} 4. Qxd4 {[%emt 0:00:00]} Nc6 {[%emt 0:00:01]} 5. Qd1 {[%emt 0:00:00]} Nf6 {[%emt 0:00:01]} 6. f3 {[%emt 0:00:00]} Be7 {[%emt 0:00:01]} 7. Be3 {[%emt 0:00:00]} Be6 {[%emt 0:00:01]} 8. Qd2 {[%emt 0:00:00]} O-O {[%emt 0:00:01]} 9. O-O-O {[%emt 0:00:01]} a6 {[%emt 0:00:00]} 10. g4 {[%emt 0:00:01]} Qd7 {[%emt 0:00:00]} 11. h4 {[%emt 0:00:01]} Rad8 {[%emt 0:00:02]} 12. h5 {[%emt 0:00:01]} Ne8 {[%emt 0:00:02]} 13. g5 {[%emt 0:00:01]} f5 {[%emt 0:00:02]} 14. gxf6 {[%emt 0:00:03]} Bxf6 {[%emt 0:00:03]} 15. Nge2 {[%emt 0:00:01]} Ne5 {[%emt 0:00:02]} 16. Nd4 {[%emt 0:00:02]} Bf7 {[%emt 0:00:03]} 17. f4 {[%emt 0:00:01]} Nc4 {[%emt 0:00:02]} 18. Bxc4 {[%emt 0:00:02]} Bxc4 {[%emt 0:00:00]} 19. h6 {[%emt 0:00:02]} g6 {[%emt 0:00:02]} 20. f5 {[%emt 0:00:02]} Bf7 {[%emt 0:00:03]} 21. fxg6 {[%emt 0:00:02]} Bxg6 {[%emt 0:00:01]} 22. Rhg1 {[%emt 0:00:00]} Kh8 {[%emt 0:00:01]} 23. Nf5 {[%emt 0:00:01]} Qf7 {[%emt 0:00:04]} 24. Bd4 {[%emt 0:00:01]} Bxd4 {[%emt 0:00:02]} 25. Qxd4+ {[%emt 0:00:00]} Qf6 {[%emt 0:00:01]} 26. Qd3 {[%emt 0:00:04]} Rd7 {[%emt 0:00:03]} 27. Kb1 {[%emt 0:00:01]} Rdf7 {[%emt 0:00:01]} 28. Nd5 {[%emt 0:00:01]} Qe5 {[%emt 0:00:02]} 29. a3 {[%emt 0:00:01]} Bxf5 {[%emt 0:00:02]} 30. exf5 {[%emt 0:00:00]} Qxf5 {[%emt 0:00:01]} 31. Qg3 {[%emt 0:00:01]} Qg6 {[%emt 0:00:01]} 32. Qh4 {[%emt 0:00:01]} Qf5 {[%emt 0:00:02]} 33. Ne3 {[%emt 0:00:04]} Qf6 {[%emt 0:00:01]} 34. Qg3 {[%emt 0:00:01]} Qf4 {[%emt 0:00:03]} 35. Qh3 {[%emt 0:00:03]} Qf6 {[%emt 0:00:02]} 36. Ng4 {[%emt 0:00:01]} Qg5 {[%emt 0:00:01]} 37. Rde1 {[%emt 0:00:03]} Nf6 {[%emt 0:00:03]} 38. Ne5 {[%emt 0:00:02]} Qf5 {[%emt 0:00:02]} 39. Nxf7+ {[%emt 0:00:01] ' Time (Lag: Av=0.48s, max=1.0s)} 1-0

[Event "Stay Safe Play From Home 326"]
[Site "Mustafa Kemal Atatürk"]
[Date "2020.07.23"]
[Round "9"]
[White "Lamborghini"]
[Black "Mandy"]
[Result "1-0"]
[WhiteElo "2195"]
[BlackElo "901"]
[PlyCount "33"]
[EventDate "2020.07.23"]
[EventType "swiss (blitz)"]

1. e4 {[%emt 0:00:02]} c6 {[%emt 0:00:01]} 2. d4 {[%emt 0:00:01]} d5 {[%emt 0:00:01]} 3. Nc3 {[%emt 0:00:00]} e6 {[%emt 0:00:08]} 4. Nf3 {[%emt 0:00:02]} Nf6 {[%emt 0:00:01]} 5. Bd3 {[%emt 0:00:01]} Be7 {[%emt 0:00:01]} 6. O-O {[%emt 0:00:01]} O-O {[%emt 0:00:01]} 7. Qe2 {[%emt 0:00:00]} Qd7 {[%emt 0:00:04]} 8. Rd1 {[%emt 0:00:01]} b6 {[%emt 0:00:05]} 9. a3 {[%emt 0:00:03]} Ba6 {[%emt 0:00:09]} 10. Bxa6 {[%emt 0:00:02]} Nxa6 {[%emt 0:00:02]} 11. Qxa6 {[%emt 0:00:00]} Nxe4 {[%emt 0:00:12]} 12. Nxe4 {[%emt 0:00:01]} dxe4 {[%emt 0:00:03]} 13. Ne5 {[%emt 0:00:00]} Qd6 {[%emt 0:00:04]} 14. Bf4 {[%emt 0:00:03]} f6 {[%emt 0:00:02]} 15. Ng6 {[%emt 0:00:01]} Rf7 {[%emt 0:00:03]} 16. Bxd6 {[%emt 0:00:02]} Bxd6 {[%emt 0:00:03]} 17. Nh4 {[%emt 0:00:01] Zeit (Lag: Av=0.66s, max=1.8s)} 1-0

[Event "Stay Safe Play From Home 326"]
[Site "Mustafa Kemal Atatürk"]
[Date "2020.07.23"]
[Round "9"]
[White "Lazieri3"]
[Black "NeatFox"]
[Result "1/2-1/2"]
[WhiteElo "2128"]
[BlackElo "1839"]
[PlyCount "26"]
[EventDate "2020.07.23"]
[EventType "swiss (blitz)"]

1. e4 {[%emt 0:00:01]} c6 {[%emt 0:00:00] Lazieri3 offers a draw} 2. d4 {[%emt 0:00:01]} d5 {[%emt 0:00:00]} 3. exd5 {[%emt 0:00:01]} g6 {[%emt 0:00:00]} 4. c3 {[%emt 0:00:00]} Bg7 {[%emt 0:00:00]} 5. dxc6 {[%emt 0:00:00]} Nxc6 {[%emt 0:00:01]} 6. Nf3 {[%emt 0:00:00]} e6 {[%emt 0:00:01]} 7. Bd3 {[%emt 0:00:01]} Nf6 {[%emt 0:00:00]} 8. Be3 {[%emt 0:00:01]} O-O {[%emt 0:00:00]} 9. Qd2 {[%emt 0:00:00]} Nd5 {[%emt 0:00:03]} 10. Bh6 {[%emt 0:00:01]} Nf6 {[%emt 0:00:02]} 11. h4 {[%emt 0:00:01]} Ng4 {[%emt 0:00:01]} 12. Bxg7 {[%emt 0:00:01]} Kxg7 {[%emt 0:00:01]} 13. h5 {[%emt 0:00:00] Lazieri3 offers a draw} f5 {[%emt 0:00:02] (Lag: Av=5.14s, max=49.8s)} 1/2-1/2

[Event "Stay Safe Play From Home 326"]
[Site "Mustafa Kemal Atatürk"]
[Date "2020.07.23"]
[Round "9"]
[White "SoulofWolf"]
[Black "Mepe_Nika"]
[Result "0-1"]
[WhiteElo "2093"]
[BlackElo "2393"]
[PlyCount "64"]
[EventDate "2020.07.23"]
[EventType "swiss (blitz)"]

1. d4 {[%emt 0:00:00]} d5 {[%emt 0:00:01]} 2. c4 {[%emt 0:00:01]} c6 {[%emt 0:00:01]} 3. cxd5 {[%emt 0:00:00]} cxd5 {[%emt 0:00:01]} 4. Nc3 {[%emt 0:00:00]} Nf6 {[%emt 0:00:00]} 5. Nf3 {[%emt 0:00:00]} Nc6 {[%emt 0:00:01]} 6. Bg5 {[%emt 0:00:00]} Ne4 {[%emt 0:00:01]} 7. Bf4 {[%emt 0:00:01]} Bf5 {[%emt 0:00:01]} 8. Qb3 {[%emt 0:00:01]} Nxc3 {[%emt 0:00:03]} 9. bxc3 {[%emt 0:00:01]} Qd7 {[%emt 0:00:01]} 10. e3 {[%emt 0:00:01]} e6 {[%emt 0:00:01]} 11. Bb5 {[%emt 0:00:01]} a6 {[%emt 0:00:01]} 12. Be2 {[%emt 0:00:00]} Be7 {[%emt 0:00:02]} 13. O-O {[%emt 0:00:00]} O-O {[%emt 0:00:00]} 14. a4 {[%emt 0:00:01]} Na5 {[%emt 0:00:01]} 15. Qa2 {[%emt 0:00:03]} Rfc8 {[%emt 0:00:02]} 16. Rfc1 {[%emt 0:00:00]} Nc4 {[%emt 0:00:01]} 17. Bxc4 {[%emt 0:00:01]} dxc4 {[%emt 0:00:00]} 18. Ne5 {[%emt 0:00:00]} Qd5 {[%emt 0:00:01]} 19. f3 {[%emt 0:00:01]} f6 {[%emt 0:00:02]} 20. e4 {[%emt 0:00:00]} Bxe4 {[%emt 0:00:02]} 21. fxe4 {[%emt 0:00:01]} Qxe4 {[%emt 0:00:00]} 22. Nxc4 {[%emt 0:00:05]} Qxf4 {[%emt 0:00:01]} 23. Rf1 {[%emt 0:00:00]} Qg5 {[%emt 0:00:02]} 24. Rae1 {[%emt 0:00:03]} Qd5 {[%emt 0:00:01]} 25. Qf2 {[%emt 0:00:09]} Rxc4 {[%emt 0:00:02]} 26. Re3 {[%emt 0:00:00]} Rac8 {[%emt 0:00:02]} 27. Qd2 {[%emt 0:00:01]} Bd6 {[%emt 0:00:03]} 28. Rfe1 {[%emt 0:00:00]} Bf4 {[%emt 0:00:01]} 29. Qd3 {[%emt 0:00:01]} Bxe3+ {[%emt 0:00:01]} 30. Rxe3 {[%emt 0:00:00]} Rxc3 {[%emt 0:00:01]} 31. Qxc3 {[%emt 0:00:00]} Rxc3 {[%emt 0:00:01]} 32. Rxc3 {[%emt 0:00:00]} Qxd4+ {[%emt 0:00:00] SoulofWolf poddaje siê (Lag: Av=0.48s, max=1.0s)} 0-1

[Event "Stay Safe Play From Home 326"]
[Site "Mustafa Kemal Atatürk"]
[Date "2020.07.23"]
[Round "9"]
[White "Haxhi Baha"]
[Black "Meini"]
[Result "1-0"]
[WhiteElo "2070"]
[BlackElo "1526"]
[PlyCount "81"]
[EventDate "2020.07.23"]
[EventType "swiss (blitz)"]

1. e4 {[%emt 0:00:01]} c6 {[%emt 0:00:02]} 2. Nf3 {[%emt 0:00:01]} d5 {[%emt 0:00:00]} 3. Nc3 {[%emt 0:00:01]} dxe4 {[%emt 0:00:01]} 4. Nxe4 {[%emt 0:00:00]} Bf5 {[%emt 0:00:00]} 5. Ng3 {[%emt 0:00:01]} Bg6 {[%emt 0:00:01]} 6. d4 {[%emt 0:00:00]} e6 {[%emt 0:00:01]} 7. h4 {[%emt 0:00:01]} h6 {[%emt 0:00:02]} 8. h5 {[%emt 0:00:00]} Bh7 {[%emt 0:00:01]} 9. Bd3 {[%emt 0:00:00]} Nf6 {[%emt 0:00:02]} 10. Bxh7 {[%emt 0:00:02]} Nxh7 {[%emt 0:00:01]} 11. Bf4 {[%emt 0:00:00]} Be7 {[%emt 0:00:01]} 12. Qd2 {[%emt 0:00:01]} Ng5 {[%emt 0:00:00]} 13. Ne5 {[%emt 0:00:05]} Nd7 {[%emt 0:00:02]} 14. O-O-O {[%emt 0:00:01]} Nxe5 {[%emt 0:00:01]} 15. Bxe5 {[%emt 0:00:00]} Bf6 {[%emt 0:00:01]} 16. f4 {[%emt 0:00:01]} Nh7 {[%emt 0:00:02]} 17. Ne4 {[%emt 0:00:01]} Qe7 {[%emt 0:00:02]} 18. Nd6+ {[%emt 0:00:01]} Kf8 {[%emt 0:00:03]} 19. g4 {[%emt 0:00:01]} Rd8 {[%emt 0:00:02]} 20. Ne4 {[%emt 0:00:01]} Bxe5 {[%emt 0:00:03]} 21. fxe5 {[%emt 0:00:00]} f6 {[%emt 0:00:01]} 22. Rhf1 {[%emt 0:00:05]} Kg8 {[%emt 0:00:02]} 23. exf6 {[%emt 0:00:01]} Nxf6 {[%emt 0:00:02]} 24. Nc5 {[%emt 0:00:04]} e5 {[%emt 0:00:06]} 25. Rde1 {[%emt 0:00:04]} Qd6 {[%emt 0:00:05]} 26. g5 {[%emt 0:00:04]} hxg5 {[%emt 0:00:02]} 27. Qxg5 {[%emt 0:00:01]} exd4 {[%emt 0:00:01]} 28. Ne6 {[%emt 0:00:03]} Rd7 {[%emt 0:00:03]} 29. h6 {[%emt 0:00:02]} Rh7 {[%emt 0:00:01]} 30. hxg7 {[%emt 0:00:01]} Rhxg7 {[%emt 0:00:00]} 31. Qxf6 {[%emt 0:00:01]} Rdf7 {[%emt 0:00:02]} 32. Qh4 {[%emt 0:00:06]} Qxe6 {[%emt 0:00:00]} 33. Rxe6 {[%emt 0:00:02]} Rxf1+ {[%emt 0:00:01]} 34. Kd2 {[%emt 0:00:00]} Rff7 {[%emt 0:00:00]} 35. Qd8+ {[%emt 0:00:01]} Rf8 {[%emt 0:00:00]} 36. Qd6 {[%emt 0:00:00]} Rgf7 {[%emt 0:00:00]} 37. Rg6+ {[%emt 0:00:01]} Kh7 {[%emt 0:00:01]} 38. Qg3 {[%emt 0:00:01]} Rg7 {[%emt 0:00:01]} 39. Rxg7+ {[%emt 0:00:01]} Kh8 {[%emt 0:00:00]} 40. Qg6 {[%emt 0:00:01]} Rg8 {[%emt 0:00:00]} 41. Qh7# {[%emt 0:00:01] (Lag: Av=0.61s, max=1.2s)} 1-0

[Event "Stay Safe Play From Home 326"]
[Site "Mustafa Kemal Atatürk"]
[Date "2020.07.23"]
[Round "9"]
[White "SelamiSahin"]
[Black "Klasman"]
[Result "1-0"]
[WhiteElo "2023"]
[BlackElo "1348"]
[PlyCount "71"]
[EventDate "2020.07.23"]
[EventType "swiss (blitz)"]

1. d4 {[%emt 0:00:00]} f5 {[%emt 0:00:01]} 2. Nf3 {[%emt 0:00:01]} Nf6 {[%emt 0:00:01]} 3. c3 {[%emt 0:00:01]} e6 {[%emt 0:00:01]} 4. Bg5 {[%emt 0:00:00]} d5 {[%emt 0:00:03]} 5. Nbd2 {[%emt 0:00:00]} c5 {[%emt 0:00:01]} 6. e3 {[%emt 0:00:00]} Qb6 {[%emt 0:00:01]} 7. Qb3 {[%emt 0:00:01]} cxd4 {[%emt 0:00:04]} 8. exd4 {[%emt 0:00:02]} Be7 {[%emt 0:00:02]} 9. Ne5 {[%emt 0:00:01]} O-O {[%emt 0:00:03]} 10. Bd3 {[%emt 0:00:01]} Nc6 {[%emt 0:00:01]} 11. Qxb6 {[%emt 0:00:02]} axb6 {[%emt 0:00:01]} 12. Bf4 {[%emt 0:00:03]} Nxe5 {[%emt 0:00:02]} 13. Bxe5 {[%emt 0:00:00]} Ne4 {[%emt 0:00:01]} 14. Bc7 {[%emt 0:00:03]} Nxd2 {[%emt 0:00:02]} 15. Kxd2 {[%emt 0:00:00]} Bd8 {[%emt 0:00:04]} 16. Bxd8 {[%emt 0:00:01]} Rxd8 {[%emt 0:00:01]} 17. a4 {[%emt 0:00:00]} Bd7 {[%emt 0:00:01]} 18. b3 {[%emt 0:00:01]} Bc6 {[%emt 0:00:02]} 19. Bb5 {[%emt 0:00:01]} Rf8 {[%emt 0:00:02]} 20. f4 {[%emt 0:00:02]} h6 {[%emt 0:00:02]} 21. Rhe1 {[%emt 0:00:01]} Kf7 {[%emt 0:00:02]} 22. Re3 {[%emt 0:00:02]} Kf6 {[%emt 0:00:01]} 23. Rae1 {[%emt 0:00:01]} Rfe8 {[%emt 0:00:02]} 24. Kd3 {[%emt 0:00:01]} Bxb5+ {[%emt 0:00:01]} 25. axb5 {[%emt 0:00:00]} Ra2 {[%emt 0:00:01]} 26. R3e2 {[%emt 0:00:00]} Rxe2 {[%emt 0:00:02]} 27. Rxe2 {[%emt 0:00:00]} g5 {[%emt 0:00:01]} 28. fxg5+ {[%emt 0:00:02]} hxg5 {[%emt 0:00:01]} 29. c4 {[%emt 0:00:00]} f4 {[%emt 0:00:02]} 30. cxd5 {[%emt 0:00:02]} Ra8 {[%emt 0:00:03]} 31. Rxe6+ {[%emt 0:00:01]} Kf5 {[%emt 0:00:01]} 32. Rxb6 {[%emt 0:00:01]} Ra2 {[%emt 0:00:02]} 33. d6 {[%emt 0:00:00]} Rxg2 {[%emt 0:00:02]} 34. d7 {[%emt 0:00:00]} Rxh2 {[%emt 0:00:01]} 35. d8=Q {[%emt 0:00:01]} Rh3+ {[%emt 0:00:01]} 36. Kc4 {[%emt 0:00:01] Time (Lag: Av=0.61s, max=0.8s)} 1-0

[Event "Stay Safe Play From Home 326"]
[Site "Mustafa Kemal Atatürk"]
[Date "2020.07.23"]
[Round "9"]
[White "Trotsky"]
[Black "AChessPlayer"]
[Result "0-1"]
[WhiteElo "1620"]
[BlackElo "2354"]
[PlyCount "30"]
[EventDate "2020.07.23"]
[EventType "swiss (blitz)"]

1. d4 {[%emt 0:00:01]} c6 {[%emt 0:00:01]} 2. e3 {[%emt 0:00:00]} Nf6 {[%emt 0:00:00]} 3. c4 {[%emt 0:00:01]} d6 {[%emt 0:00:00]} 4. Nc3 {[%emt 0:00:01]} Nbd7 {[%emt 0:00:00]} 5. Bd3 {[%emt 0:00:01]} e5 {[%emt 0:00:00]} 6. Qc2 {[%emt 0:00:01]} Be7 {[%emt 0:00:00]} 7. Bd2 {[%emt 0:00:02]} O-O {[%emt 0:00:00]} 8. Nf3 {[%emt 0:00:01]} a5 {[%emt 0:00:01]} 9. Ng5 {[%emt 0:00:01]} h6 {[%emt 0:00:01]} 10. h4 {[%emt 0:00:01]} Re8 {[%emt 0:00:01]} 11. O-O-O {[%emt 0:00:01]} Nf8 {[%emt 0:00:06]} 12. Nce4 {[%emt 0:00:05]} Qc7 {[%emt 0:00:06]} 13. Nxf6+ {[%emt 0:00:01]} Bxf6 {[%emt 0:00:00]} 14. Bh7+ {[%emt 0:00:01]} Kh8 {[%emt 0:00:00]} 15. Nxf7+ {[%emt 0:00:01]} Qxf7 {[%emt 0:00:01] Trotsky Ñäàåòñÿ (Lag: Av=0.39s, max=0.6s)} 0-1